<?xml version="1.0" encoding="UTF-8"?>
<record
    xmlns:xsi="http://www.w3.org/2001/XMLSchema-instance"
    xsi:schemaLocation="http://www.loc.gov/MARC21/slim http://www.loc.gov/standards/marcxml/schema/MARC21slim.xsd"
    xmlns="http://www.loc.gov/MARC21/slim">

  <leader>01800nam a22002897a 4500</leader>
  <controlfield tag="001">1716</controlfield>
  <controlfield tag="003">FISKH</controlfield>
  <controlfield tag="005">20250904083039.0</controlfield>
  <controlfield tag="008">230919b        cb ||||| |||| 00| 0 khr d</controlfield>
  <datafield tag="020" ind1=" " ind2=" ">
    <subfield code="a">9789924340355</subfield>
  </datafield>
  <datafield tag="040" ind1=" " ind2=" ">
    <subfield code="a">FISKH </subfield>
    <subfield code="b">eng</subfield>
    <subfield code="c">FISKH </subfield>
    <subfield code="d">FISKH </subfield>
  </datafield>
  <datafield tag="082" ind1=" " ind2=" ">
    <subfield code="a">597.95</subfield>
  </datafield>
  <datafield tag="100" ind1=" " ind2=" ">
    <subfield code="a">Sreynouch, Sorn </subfield>
  </datafield>
  <datafield tag="245" ind1=" " ind2=" ">
    <subfield code="a">&#x1780;&#x17BC;&#x1793;&#x1794;&#x1784;&#x17D2;&#x1780;&#x17BD;&#x1799;&#x178F;&#x17BC;&#x1785; / </subfield>
    <subfield code="c">&#x1793;&#x17B7;&#x1796;&#x1793;&#x17D2;&#x1792; &#x1793;&#x17B7;&#x1784;&#x1782;&#x17BC;&#x179A;&#x179A;&#x17BC;&#x1794;&#x178A;&#x17C4;&#x1799; &#x179F;&#x1793; &#x179F;&#x17D2;&#x179A;&#x17B8;&#x1793;&#x17BB;&#x1785; </subfield>
  </datafield>
  <datafield tag="250" ind1=" " ind2=" ">
    <subfield code="a">&#x1794;&#x17C4;&#x17C7;&#x1796;&#x17BB;&#x1798;&#x17D2;&#x1796;&#x179B;&#x17BE;&#x1780;&#x1791;&#x17B8; &#x17E3; &#x1798;&#x17C1;&#x179F;&#x17B6; &#x17E2;&#x17E0;&#x17E2;&#x17E2; </subfield>
  </datafield>
  <datafield tag="260" ind1=" " ind2=" ">
    <subfield code="a">Phnom Penh : </subfield>
    <subfield code="b">Sipar, </subfield>
    <subfield code="c">2022.</subfield>
  </datafield>
  <datafield tag="300" ind1=" " ind2=" ">
    <subfield code="a">31 pages : </subfield>
    <subfield code="b">color illustrations ; </subfield>
    <subfield code="c">23 &#xD7; 28 cm</subfield>
  </datafield>
  <datafield tag="505" ind1=" " ind2=" ">
    <subfield code="a">J
</subfield>
  </datafield>
  <datafield tag="520" ind1=" " ind2=" ">
    <subfield code="a">&#x1780;&#x17BC;&#x1793;&#x1794;&#x1784;&#x17D2;&#x1780;&#x17BD;&#x1799;&#x1785;&#x1784;&#x17CB;&#x179F;&#x17D2;&#x1782;&#x17B6;&#x179B;&#x17CB;&#x1796;&#x17B7;&#x1797;&#x1796;&#x179B;&#x17C4;&#x1780;&#x1781;&#x17B6;&#x1784;&#x1780;&#x17D2;&#x179A;&#x17C5;&#x178F;&#x17C2;&#x1798;&#x17D2;&#x178A;&#x17B6;&#x1799;&#x1798;&#x17B7;&#x1793;&#x17B3;&#x17D2;&#x1799;&#x1785;&#x17C1;&#x1789;&#x1796;&#x17B8;&#x1795;&#x17D2;&#x1791;&#x17C7;&#x1791;&#x17C1; &#x1796;&#x17D2;&#x179A;&#x17C4;&#x17C7;&#x1799;&#x179B;&#x17CB;&#x1790;&#x17B6; &#x1780;&#x17BC;&#x1793;&#x1793;&#x17C5;&#x178F;&#x17BC;&#x1785;&#x1796;&#x17C1;&#x1780;&#x17D4; &#x1790;&#x17D2;&#x1784;&#x17C3;&#x1798;&#x17BD;&#x1799; &#x1796;&#x17C1;&#x179B;&#x1798;&#x17D2;&#x178A;&#x17B6;&#x1799;&#x1798;&#x17B7;&#x1793;&#x1793;&#x17C5;&#x1781;&#x17D2;&#x1799;&#x179B;&#x17CB;&#x1794;&#x1780;&#x1794;&#x178E;&#x17D2;&#x178A;&#x17B6;&#x179B;&#x17B3;&#x17D2;&#x1799;&#x1791;&#x17D2;&#x179C;&#x17B6;&#x179A;&#x179A;&#x1794;&#x17BE;&#x1780;&#x1794;&#x1793;&#x17D2;&#x178F;&#x17B7;&#x1785; &#x179C;&#x17B6;&#x1780;&#x17CF;&#x1794;&#x17B6;&#x1793;&#x179B;&#x17BD;&#x1785;&#x1785;&#x17C1;&#x1789;&#x1791;&#x17C5;&#x1780;&#x17D2;&#x179A;&#x17C5;&#x178A;&#x17C4;&#x1799;&#x1798;&#x17B7;&#x1793;&#x17B3;&#x17D2;&#x1799;&#x1798;&#x17D2;&#x178A;&#x17B6;&#x1799;&#x179A;&#x1794;&#x179F;&#x17CB;&#x179C;&#x17B6;&#x178A;&#x17B9;&#x1784;&#x1791;&#x17C1;&#x17D4; </subfield>
  </datafield>
  <datafield tag="520" ind1=" " ind2=" ">
    <subfield code="a">The child wants to know the outside world, but the mother does not leave the house because she understands that the child is too young. One day, when the mother was not in the wind, the door opened a little, and she snuck out without her mother knowing.</subfield>
  </datafield>
  <datafield tag="521" ind1="8" ind2=" ">
    <subfield code="a">500
</subfield>
    <subfield code="b">Lexile estimate
</subfield>
  </datafield>
  <datafield tag="521" ind1="8" ind2=" ">
    <subfield code="a">J
</subfield>
    <subfield code="b">Raz-Plus
</subfield>
  </datafield>
  <datafield tag="650" ind1=" " ind2=" ">
    <subfield code="a">&#x179F;&#x178F;&#x17D2;&#x179C;&#x1796;&#x17D2;&#x179A;&#x17C3;  </subfield>
    <subfield code="v">&#x1796;&#x17B7;&#x1797;&#x1796;&#x1781;&#x17B6;&#x1784;&#x1780;&#x17D2;&#x179A;&#x17C5;</subfield>
    <subfield code="x">&#x1794;&#x1784;&#x17D2;&#x1780;&#x17BD;&#x1799; </subfield>
    <subfield code="y">&#x179F;&#x178F;&#x17D2;&#x179C; </subfield>
  </datafield>
  <datafield tag="651" ind1=" " ind2=" ">
    <subfield code="a">Out side world </subfield>
    <subfield code="v">Lizard </subfield>
    <subfield code="x">Animal </subfield>
    <subfield code="y">Wild life </subfield>
  </datafield>
  <datafield tag="700" ind1=" " ind2=" ">
    <subfield code="a">Sreynouch, Sorn </subfield>
    <subfield code="e">illustrator </subfield>
  </datafield>
  <datafield tag="942" ind1=" " ind2=" ">
    <subfield code="2">ddc</subfield>
    <subfield code="c">KHB</subfield>
    <subfield code="n">0</subfield>
  </datafield>
  <datafield tag="999" ind1=" " ind2=" ">
    <subfield code="c">1716</subfield>
    <subfield code="d">1716</subfield>
  </datafield>
  <datafield tag="952" ind1=" " ind2=" ">
    <subfield code="0">0</subfield>
    <subfield code="1">0</subfield>
    <subfield code="2">ddc</subfield>
    <subfield code="4">0</subfield>
    <subfield code="7">0</subfield>
    <subfield code="8">KH</subfield>
    <subfield code="a">002</subfield>
    <subfield code="b">002</subfield>
    <subfield code="c">TTP Khmer</subfield>
    <subfield code="d">2023-09-19</subfield>
    <subfield code="l">1</subfield>
    <subfield code="o">SRE 597.95</subfield>
    <subfield code="p">2023-0661</subfield>
    <subfield code="r">2024-12-04 14:41:34</subfield>
    <subfield code="s">2024-08-12</subfield>
    <subfield code="t">1</subfield>
    <subfield code="w">2023-09-19</subfield>
    <subfield code="y">KHB</subfield>
  </datafield>
  <datafield tag="952" ind1=" " ind2=" ">
    <subfield code="0">0</subfield>
    <subfield code="1">0</subfield>
    <subfield code="2">ddc</subfield>
    <subfield code="4">0</subfield>
    <subfield code="7">0</subfield>
    <subfield code="8">KH</subfield>
    <subfield code="a">001</subfield>
    <subfield code="b">001</subfield>
    <subfield code="c">KHRS</subfield>
    <subfield code="d">2023-09-19</subfield>
    <subfield code="l">0</subfield>
    <subfield code="o">SRE 597.95</subfield>
    <subfield code="p">2023-0662</subfield>
    <subfield code="r">2023-09-19 11:43:45</subfield>
    <subfield code="t">2</subfield>
    <subfield code="w">2023-09-19</subfield>
    <subfield code="y">KHB</subfield>
  </datafield>
</record>
